00936 a2200205 4500003000500000005001700005010001600022020001500038040000900053082001400062100002200076245006100098250001200159260005300171300005100224505036200275650003700637650003400674700002200708Nust20230113154544.0 a 94019934 a0024041149 cNust00a651.7,ROW1 aRowe, Stanford H.10aTelecommunications for managers /cStanford H. Rowe, II. a3rd ed. aEnglewood Cliffs, N.J. :bPrentice Hall,cc1995. axxii, 698 p. :bcol. ill., col. maps ;c24 cm. aIntroduction to the business telecommunications environment.(Page-1), Telecommunications applications—how the enterprise uses telecommunications. (Page-91), The user interface to the network. (Page-217), How data is communicated—the technical data. (Page-255), Communications networks. (Page-397), Managing the telecommunications department. (Page-579). 0aBusinessxCommunication systems. 0aTelecommunication Engineering1 aRowe, Stanford H.